| Tag |
First Indicator |
Second Indicator |
Subfields |
| LEADER |
00000pam a2200000 i 4500 |
| 001 |
in00000499921 |
| 005 |
20151013060944.0 |
| 008 |
760303s1976 caua b 00000 eng |
| 010 |
|
|
|a 76007040
|
| 020 |
|
|
|a 0470152176
|
| 035 |
|
|
|a (OCoLC)02089687
|
| 035 |
|
|
|9 ACC9235AM
|
| 040 |
|
|
|a DLC
|c DLC
|d TXA
|d UtOrBLW
|
| 049 |
|
|
|a TXAM
|c [1106400]
|
| 050 |
0 |
0 |
|a HT110
|b .C5
|
| 082 |
0 |
|
|a 301.36/3
|
| 245 |
0 |
4 |
|a The City in comparative perspective :
|b cross-national research and new directions in theory /
|c edited by John Walton and Louis H. Masotti.
|
| 264 |
|
1 |
|a [Beverly Hills, Calif.] :
|b Sage Publications ;
|c [1976]
|
| 264 |
|
2 |
|a New York :
|b Distributed by Halsted Press,
|
| 264 |
|
4 |
|c ©1976
|
| 300 |
|
|
|a 317 pages :
|b illustrations ;
|c 23 cm.
|
| 336 |
|
|
|a text
|b txt
|2 rdacontent
|
| 337 |
|
|
|a unmediated
|b n
|2 rdamedia
|
| 338 |
|
|
|a volume
|b nc
|2 rdacarrier
|
| 504 |
|
|
|a Includes bibliographies.
|
| 650 |
|
0 |
|a Cities and towns
|x Research.
|
| 650 |
|
0 |
|a Sociology, Urban
|x Research.
|
| 700 |
1 |
|
|a Walton, John,
|d 1937-
|
| 700 |
1 |
|
|a Masotti, Louis H.
|
| 999 |
|
|
|a MARS
|
| 999 |
f |
f |
|s fd762f68-2d88-3379-9246-f245cc0c3bbd
|i 39267ce0-3e11-3bc7-8949-ac3e40b2d6c5
|t 0
|
| 952 |
f |
f |
|p ric
|a Texas A&M University
|b Rellis Campus
|c Joint Library Facility
|d Remote Storage
|t 0
|e HT110 .C5
|h Library of Congress classification
|i unmediated -- volume
|m A14802986550
|
| 998 |
f |
f |
|a HT110 .C5
|t 0
|l Remote Storage
|